000 00864cam a2200313 4500
001 1124
003 BD-RjUL
005 20211208233259.0
008 131123s1972 enk b 001 0 eng
020 _a0333075765
035 _a(BD-RjUL)1146
040 _aDLC
_cDLC
_dDLC
_beng
041 _aeng
082 0 0 _a194
_216
_bBRF 1972
100 1 _aBrumfitt, J. H.
_93313
245 1 4 _aThe French Enlightenment/
_cJ. H. Brumfitt.
260 _aLondon:
_bMacmillan,
_c1972.
300 _a176 p.
_c21 cm.
350 _a£2.00
490 0 _aPhilosophers in perspective
504 _aBibliography: p. 163-172.
526 _bPhilosophy
600 1 0 _aDescartes, René,
_d1596-1650.
_94645
650 0 _aEnlightenment
_zFrance.
_93315
650 0 _aPhilosophy, French
_y18th century.
_93316
942 _2ddc
_cBK
999 _c1124
_d1124